Statistics for Most Superbowl Losses by a Starting Quarterback

Click here to take the quiz!

General Stats

  • This quiz has been taken 456 times
  • The average score is 5 of 8

Answer Stats

# Losses# AppearancesQuarterback Name% Correct
310Tom Brady
99%
24Peyton Manning
90%
44Jim Kelly
75%
35John Elway
74%
33Fran Tarkenton
52%
24Roger Staubach
46%
23Kurt Warner
39%
22Craig Morton
12%

Score Distribution

Percentile by Number Answered

Percent of People with Each Score

Your Score History

You have not taken this quiz